[Event "IECG CP.2000.P.00069"]
[Site "IECG email"]
[Date "2000.10.01"]
[Round "?"]
[White "Angermann, Immo Frank"]
[Black "Ortiz, Eddie"]
[Result "1-0"]
[WhiteElo "1448"]
[BlackElo "800"]
[PlyCount "27"]
[EventDate "2000.10.01"]
[EventType "tourn (corr)"]
[EventRounds "6"]
[EventCountry "ENG"]
[SourceTitle "Corr 2008"]
[Source "ChessBase"]
[SourceDate "2008.06.24"]
[SourceVersion "1"]
[SourceVersionDate "2008.06.24"]
[SourceQuality "1"]

1. e4 e5 2. Nf3 Nc6 3. Bc4 Be7 4. d4 exd4 5. Nxd4 Ne5 6. Bb3 Nf6 7. f4 Ng6 8. Qd3 d6 9. 0-0 0-0 10. Bd2 Ng4 11. Nc3 c6 12. h3 Nf6 13. Be3 Kh8 14. Rad1 1-0

[Event "IECG CP.2000.P.00069"]
[Site "IECG email"]
[Date "2000.10.01"]
[Round "?"]
[White "Ortiz, Eddie"]
[Black "Houpt, David"]
[Result "0-1"]
[WhiteElo "800"]
[BlackElo "2031"]
[PlyCount "36"]
[EventDate "2000.10.01"]
[EventType "tourn (corr)"]
[EventRounds "6"]
[EventCountry "ENG"]
[SourceTitle "Corr 2024"]
[Source "ChessBase"]
[SourceDate "2023.10.19"]
[SourceVersion "1"]
[SourceVersionDate "2023.10.19"]
[SourceQuality "1"]

1. e4 d6 2. d4 Nf6 3. f3 g6 4. c4 Bg7 5. Bd3 0-0 6. Ne2 c5 7. Be3 Nc6 8. Nbc3 cxd4 9. Nxd4 Ng4 10. fxg4 Nxd4 11. 0-0 Nc6 12. Rc1 Be6 13. Be2 Qa5 14. Qd2 Rac8 15. Kh1 Bxc3 16. Qxc3 Qxc3 17. Rxc3 Ne5 18. h3 Nxc4 0-1

[Event "IECG CP.2000.P.00069"]
[Site "IECG email"]
[Date "2000.10.01"]
[Round "?"]
[White "Ortiz, Eddie"]
[Black "Kubasky, Alojz"]
[Result "0-1"]
[WhiteElo "800"]
[BlackElo "2244"]
[PlyCount "42"]
[EventDate "2000.10.01"]
[EventType "tourn (corr)"]
[EventRounds "6"]
[EventCountry "ENG"]
[SourceTitle "Corr 2008"]
[Source "ChessBase"]
[SourceDate "2008.06.24"]
[SourceVersion "1"]
[SourceVersionDate "2008.06.24"]
[SourceQuality "1"]

1. e4 d6 2. d4 Nf6 3. f3 g6 4. c4 Bg7 5. Bd3 0-0 6. Bd2 c5 7. Bc3 cxd4 8. Bxd4 Nc6 9. Bc3 Qb6 10. Qd2 Be6 11. Ne2 Rac8 12. b3 Bd7 13. Na3 Ne5 14. Bxe5 dxe5 15. Nc2 Rfd8 16. Qe3 Bh3 17. gxh3 Qxe3 18. Nxe3 Rxd3 19. Kf2 Bh6 20. Nd5 Nxd5 21. exd5 Be3+ 0-1

[Event "IECG CN.2000.0.00212"]
[Site "IECG email"]
[Date "2000.09.06"]
[Round "?"]
[White "Venturas, Bob"]
[Black "Ortiz, Eddie"]
[Result "1-0"]
[WhiteElo "630"]
[BlackElo "800"]
[PlyCount "63"]
[EventDate "2000.09.06"]
[EventType "tourn (corr)"]
[EventRounds "6"]
[SourceTitle "Corr 2008"]
[Source "ChessBase"]
[SourceDate "2008.06.24"]
[SourceVersion "1"]
[SourceVersionDate "2008.06.24"]
[SourceQuality "1"]

1. e4 c5 2. Bc4 e6 3. Nc3 f6 4. d4 d5 5. exd5 exd5 6. Nxd5 cxd4 7. Bf4 Bd6 8. Qe2+ Kf8 9. Bxd6+ Qxd6 10. 0-0-0 Nc6 11. Nf3 Bg4 12. Rde1 Bh5 13. Qe6 Qxe6 14. Rxe6 Rc8 15. Rhe1 Bxf3 16. gxf3 Ne5 17. Be2 Kf7 18. Rd6 Nh6 19. f4 Nf5 20. fxe5 Nxd6 21. exd6 Ke6 22. d7 Rcd8 23. Bc4+ Kd6 24. Rd1 Rxd7 25. Rxd4 Kc5 26. c3 b5 27. b4+ Kc6 28. Bb3 a6 29. a4 h5 30. a5 Kb7 31. Nb6 Rxd4 32. cxd4 1-0